|
|
|
|
| LEADER |
01939cam a2200529 a 4500 |
| 001 |
nkc20102027418 |
| 003 |
CZ PrNK |
| 005 |
20110909145503.0 |
| 007 |
ta |
| 008 |
090918s2009 xr a e f 001 0 cze d |
| 015 |
|
|
|a cnb002027418
|
| 020 |
|
|
|a 978-80-7433-011-7
|q (váz.)
|
| 035 |
|
|
|a (OCoLC)757675458
|
| 040 |
|
|
|a PNA001
|b cze
|d BOA001
|d OLA001
|d ABA001
|
| 041 |
1 |
|
|a cze
|h ger
|
| 072 |
|
7 |
|a 663
|x Průmysl nápojů. Kvasný průmysl. Průmysl pochutin
|2 Konspekt
|9 19
|
| 080 |
|
|
|a 663.551.5
|2 MRF
|
| 080 |
|
|
|a 663.5
|2 MRF
|
| 080 |
|
|
|a 663.83
|2 MRF
|
| 080 |
|
|
|a 641.87:663.82
|2 MRF
|
| 080 |
|
|
|a (035)
|2 MRF
|
| 100 |
1 |
|
|a Hagmann, Klaus,
|d 1962-
|7 xx0066791
|4 aut
|
| 245 |
1 |
0 |
|a Pálíme ovoce :
|b jak co nejlépe zužitkovat vlastní úrodu /
|c Klaus Hagmann, Birgit Essich ; [z německého originálu ... přeložila Helena Uhrová]
|
| 250 |
|
|
|a 2. vyd.
|
| 260 |
|
|
|a [Líbeznice] :
|b Víkend,
|c 2009
|
| 300 |
|
|
|a 95 s. :
|b barev. il. ;
|c 21 cm
|
| 500 |
|
|
|a Terminologický slovník
|
| 500 |
|
|
|a Obsahuje rejstřík
|
| 650 |
0 |
7 |
|a pálenky
|7 ph115966
|2 czenas
|
| 650 |
0 |
7 |
|a lihoviny
|7 ph115147
|2 czenas
|
| 650 |
0 |
7 |
|a likéry
|7 ph115148
|2 czenas
|
| 650 |
0 |
7 |
|a výroba alkoholických nápojů
|7 ph276448
|2 czenas
|
| 650 |
0 |
9 |
|a brandy
|2 eczenas
|
| 650 |
0 |
9 |
|a spirituous liquors
|2 eczenas
|
| 650 |
0 |
9 |
|a liqueurs
|2 eczenas
|
| 650 |
0 |
9 |
|a alcoholic beverages production
|2 eczenas
|
| 655 |
|
7 |
|a příručky
|7 fd133209
|2 czenas
|
| 655 |
|
9 |
|a handbooks and manuals
|2 eczenas
|
| 700 |
1 |
|
|a Essich, Birgit
|7 xx0066793
|4 aut
|
| 700 |
1 |
|
|a Uhrová, Helena
|7 xx0000881
|4 trl
|
| 765 |
0 |
|
|t Obst brennen
|9 Česky
|
| 856 |
4 |
1 |
|u http://www.digitalniknihovna.cz/mzk/uuid/uuid:cf082c50-3ef0-11e4-8fc5-005056827e52
|y Digitalizovaný dokument
|x NDK
|
| 910 |
2 |
|
|a BOA001
|b 2-1240.292
|
| 990 |
|
|
|a BK
|
| 995 |
|
|
|a 01
|
| 991 |
|
|
|b 201004
|c NOV
|
| 996 |
6 |
|
|b 2610431326
|c 2-1240.292
|l MZK
|r Sklad / do 1 hodiny
|n 13
|p p.v.
|w 001116782
|u 000010
|a 1
|e BOA001
|j MZK50
|s P
|